00581nam a2200169Ia 4500008004100000020001500041041001200056082001600068100001500084245005900099260003700158300000800195650001400203942000700217999001500224952017200239221030s9999 xx 000 0 und d a817758930x aEnglish a105.23bHog aR. V. Hogg 0aIntroduction to Mathematical Statisticscby R. V. Hogg bPearson EducationaDelhic2006 a614 aMCA Maths cBK c3346d3346 pM 1300g375.00l0o105.23 Hogr2024-06-10 00:00:00w2022-10-30yBK003Print4070aMIETLIBbMIETLIBcBL-Academic Block- B, FL-2, CUP-82, SH-1, R-1d2006-11-1610HMCA